000 00548nam a2200205Ia 4500
005 20250508151148.0
008 008 250505s9999 xx 000 0 eng d
037 _aTextual
040 _aFEDL
_beng
_cFEDL
041 _aeng
_2eng
084 _a155.8, COM
_qFEDL
100 _aComas Juan
245 0 _aRacial myths
245 0 _cUnited Nations Educational, Scienftific and Cultural Organization
260 _c1951
300 _a55p.
650 _aChild Psychology
942 _cTEXL
_h155.8, COM
999 _c1327981
_d1327981